• 首页
  • 本馆介绍
  • 公告通知
  • 最新文献
  • 馆藏检索
  • 电子资源
  • 读者导购
  • 参考咨询
  • 我的图书馆
  • 登录
  • 详细信息显示
  • 放入我的书架
  • 预约/预借图书
  • 作者相关作品
  • 分类相关作品
  • 丛书相关作品
  • 出版社相关作品

书目信息

  • 表格格式
  • 工作单格式
  • 卡片格式
题名:
舆论学
    
 
作者: 陈力丹 著
分册:  
出版信息: 上海   上海交通大学出版社  2012.06
页数: 255页
开本: 23cm
丛书名:
单 册:
中图分类: C912.63
科图分类:
主题词: 舆论--概论 , 舆论
电子资源:
ISBN: 978-7-313-08576-4
000 00814nam0 2200265 450
001 005582095
005 20130628104757.90
010    @a978-7-313-08576-4@dCNY38.00
100    @a20120904d2012 em y0chiy50 ea
101 0  @achi
102    @aCN@b310000
105    @ay z 000yy
106    @ar
200 1  @a舆论学@9yu lun xue@e舆论导向研究@f陈力丹著
210    @a上海@c上海交通大学出版社@d2012.06
215    @a255页@d23cm
312    @a封面英文题名:Public opinion
330    @a本书揭示了舆论的内在要素、形成、形态、传播特征,以及与此相关的传播学理论、美学接受理论、舆论引导的若干问题。
510 1  @aPublic opinion@zeng
606 0  @a舆论@x概论
606 0  @a舆论
690    @aC912.63@v5
701  0 @a陈力丹@9chen li dan@f(1951-)@4著
801  0 @aCN@bNLC@c20120904
905    @b544684-87@dC912.63@e828@f4
    
    舆论学:舆论导向研究/陈力丹著.-上海:上海交通大学出版社,2012.06
    255页;23cm
    
    
    ISBN 978-7-313-08576-4:CNY38.00
    本书揭示了舆论的内在要素、形成、形态、传播特征,以及与此相关的传播学理论、美学接受理论、舆论引导的若干问题。
●
相关链接 在E读中查询图书 在五车中查询图书 在当当中查询图书 在豆瓣中查询图书


正题名:舆论学     索取号:C912.63/828         预约/预借

序号 登录号 条形码 馆藏地/架位号 状态 备注
1 544684   205446846   第一样本阅览室/ [索取号:C912.63/828] 在馆    
2 544685   205446855   第一借阅区/ [索取号:C912.63/828] 在馆    
3 544686   205446864   第一借阅区/ [索取号:C912.63/828] 在馆    
4 544687   205446873   第一借阅区/ [索取号:C912.63/828] 在馆    
唐山师范学院图书馆 欢迎您!
大连网信软件有限公司© 版权所有